000 01517nam a2200361 c 4500
003 BLK
005 20240820175534.0
008 180407b bul|||||r ||||||| ||bul||
010 _aKNG00033120000
020 _a954-625-167-4
_bиздат.: Фют
040 _aBLK
041 _aBUL
_cBUL
080 _aБългарска литература
_b821.163.2
_x-93-31
_z821.163.2-93-31
100 1 _aАприлов, Борис
_eпърви автор
_gДжавков, Атанас Василев
_9248876
700 1 _aПъдарева, Елена
_eил.
_9366096
700 1 _aДжавков, Атанас Василев
_e*
_9366427
139 _aАприлов, Борис
_bА 79
245 1 0 _aЧервената шапчица
_bРомани за деца
_cБорис Априлов; ил. Елена Пъдарева; * Атанас Василев Джавков.
245 1 0 _aДупката
_b
_c
245 1 0 _aПитонът
_b
_c
257 _aBGR
260 София
_bФют
_c2000
_fСофия : ПК Д. Благоев
300 _a208 с.
_bс ил.
_c23 см
380 _aDX
490 1 _aПоредица Приключенията на Лиско
_vКн. 5
500 _aБорис Априлов е псевд. на Атанас Василев Джавков. - Офс. изд. - 2 000 тир.
852 _aЦб 205334
856 4 _qpdf
_u
856 4 _qpdf
_u
942 _cKNG
_n0
_09
944 _aCR
_c19.06.2003
_k30551
_lБояна Костадинова
944 _aED
_c15.07.2003
_k
999 _c30486
_d30486